Online
Catalog

Leyes y normas para la práctica notarial / (Record no. 31884)

MARC details
000 -CABECERA
campo de control de longitud fija 02286nam a2200301 a 4500
001 - NÚMERO DE CONTROL
campo de control 000032393
005 - FECHA Y HORA DE LA ÚLTIMA TRANSACCIÓN
campo de control 20200930065622.0
008 - DATOS DE LONGITUD FIJA--INFORMACIÓN GENERAL
campo de control de longitud fija 110715s2011 dr 001 0 spa d
020 ## - NÚMERO INTERNACIONAL ESTÁNDAR DEL LIBRO
Número Internacional Estándar del Libro 9789945871579
040 ## - FUENTE DE LA CATALOGACIÓN
Centro catalogador/agencia de origen DO-SdBNP
Lengua de catalogación spa
Centro/agencia transcriptor BNPHU
082 ## - NÚMERO DE LA CLASIFICACIÓN DECIMAL DEWEY
Número de clasificación 347.016
Número de documento/Ítem R696L
110 1# - ENTRADA PRINCIPAL--NOMBRE DE ENTIDAD CORPORATIVA
Nombre de entidad corporativa o nombre de jurisdicción como elemento de entrada República Dominicana.
9 (RLIN) 447
240 10 - TÍTULO UNIFORME
Título uniforme [Leyes, etc.]
245 10 - MENCIÓN DE TÍTULO
Título Leyes y normas para la práctica notarial /
Mención de responsabilidad, etc. compilador Benjamín Rodríguez Carpio.
260 ## - PUBLICACIÓN, DISTRIBUCIÓN, ETC.
Lugar de publicación, distribución, etc. Santo Domingo :
Nombre del editor, distribuidor, etc. Judicial,
Fecha de publicación, distribución, etc. 2011.
300 ## - DESCRIPCIÓN FÍSICA
Extensión xiii, 246 p.
-- 23 cm.
490 1# - MENCIÓN DE SERIE
Mención de serie Gaceta Judicial
490 1# - MENCIÓN DE SERIE
Mención de serie Legislativa
505 0# - NOTA DE CONTENIDO CON FORMATO
Información miscelánea Presentación --
Título Ley del notariado, Nº 301 de 1964 --
-- Leyes y normas vinculadas al ejercicio del notariado:
-- Código civil, artículos 981-1007; 1101-1126; 1317-1321; 1387-1390; 2146, 2148 y 2150 --
-- Código de procedimiento civil, artículos 545, 547 y 839-858 --
-- Ley Nº 2334 de 1885, de registro de actos civiles, judiciales y extrajudiciales --
-- Ley Nº 2914 de 1890, de registro y conservación de hipotecas --
-- Ley Nº 1306-Bis de 1937, sobre divorcio, artículos 4 y 26-33 --
-- Ley Nº 111 de 1942 sobre exequátur de profesionales --
-- Ley Nº 716 de 1944, de funciones públicas de los cónsules dominicanos (parte relativa a las funciones notariales) --
-- Reglamento Nº 6050 de 1949, para la policía de las profesiones jurídicas --
-- Ley Nº 18 de 1988, que establece un impuesto anual denominado "Impuesto sobre viviendas suntuarias y los solares urbanos no edificados" --
-- Ley Nº 126 de 2002, sobre el comercio electrónico y las firmas digitales --
-- Ley Nº 89 de 2005, que instituye el Colegio Dominicano de Notarios en persona moral de derecho público --
-- Ley Nº 108 de 2005, de Registro Inmobiliario --
-- Reglamento general de registro de títulos de fecha 2 de abril de 2007, modificado por resolución Nº 2669 de fecha 10 de septiembre de 2009, dictada por la Suprema Corte de Justicia.
590 ## - NOTA LOCAL (RLIN)
Nota local Inventariado, 2018/LP
650 #4 - PUNTO DE ACCESO ADICIONAL DE MATERIA--TÉRMINO DE MATERIA
Término de materia o nombre geográfico como elemento de entrada Derecho notarial
Subdivisión geográfica República Dominicana
9 (RLIN) 10224
650 #4 - PUNTO DE ACCESO ADICIONAL DE MATERIA--TÉRMINO DE MATERIA
Término de materia o nombre geográfico como elemento de entrada Notariado y registros
9 (RLIN) 10225
651 #4 - PUNTO DE ACCESO ADICIONAL DE MATERIA--NOMBRE GEOGRÁFICO
Nombre geográfico República Dominicana
Subdivisión general Leyes
9 (RLIN) 16541
700 1# - PUNTO DE ACCESO ADICIONAL--NOMBRE DE PERSONA
Nombre de persona Rodríguez Carpio, Benjamín,
Término indicativo de función/relación comp.
9 (RLIN) 56344
830 #0 - PUNTO DE ACCESO ADICIONAL DE SERIE-TÍTULO UNIFORME
Título uniforme Gaceta Judicial
9 (RLIN) 1292
830 #0 - PUNTO DE ACCESO ADICIONAL DE SERIE-TÍTULO UNIFORME
Título uniforme Legislativa
9 (RLIN) 30888
910 ## - DATOS DE OPCIÓN DEL USUARIO (OCLC)
Datos de opción del usuario Validado. Control de calidad EMS
Holdings
Estado de retiro Estado de pérdida Restricciones de uso No para préstamo Código de colección Localización permanente Ubicación/localización actual Ubicación en estantería Fecha de adquisición Número de inventario Total de préstamos Signatura topográfica completa Código de barras Fecha visto por última vez Número de copia Precio válido a partir de Tipo de ítem Koha
        Dominicana de Servicio General General Depósito 15.07.2011 LF1   347.016 R696l 32393-30 25.06.2020 e. 3 25.06.2020 Libro y Folleto Colección Dominicana de Servicio
      Excluido de préstamo Patrimonio Dominicano Patrimonio Dominicano Patrimonio Dominicano Depósito 15.07.2011 LF1   347.016 R696l 32393-10 25.06.2020   25.06.2020 Libro y Folleto Colección Patrimonio Dominicano
      Excluido de préstamo Patrimonio Dominicano Patrimonio Dominicano Patrimonio Dominicano Depósito 15.07.2011 LF1   347.016 R696l 32393-20 25.06.2020 e. 2 25.06.2020 Libro y Folleto Colección Patrimonio Dominicano

Powered by Koha